Monitor stavu hospodárstva Slovenskej republiky Ekonomický monitor

Saved in:
Bibliographic Details
Format: Serial
Language:Slovak
Published: Bratislava Štatistický úrad Slovenskej republiky 1992
Subjects:
Tags: Add Tag
No Tags, Be the first to tag this record!

MARC

LEADER 00000nas2a2200000 4500
001 s016383
005 20221207104150.8
041 0 |a slo 
044 |a SK 
245 1 0 |a Monitor stavu hospodárstva Slovenskej republiky  |b Ekonomický monitor 
264 1 |a Bratislava  |b Štatistický úrad Slovenskej republiky  |c 1992 
300 |a 1 zv. 
773 0 |w eu_un_cat*s120066 
610 2 0 |a ekonómia 
610 2 0 |a hospodárstvo národné 
610 2 0 |a Slovensko 
610 2 0 |a štatistika regionálna